L'Attaque des Titans personnages décédés - mort subite - Statistiques

Statistiques générales
  • Ce quiz a été pris 1 042 fois
  • Le résultat moyen est 11 sur 23
Answers on the Grid
Answers color-coded by a green-red scale on the quiz's grid according to % correct below.
Bertolt Hoover
Lara Teyber
Carla Jäger
Eren Jäger
Nanaba
Petra Ralle
Porco Galliard
Rhodes Reiss
Grisha Jäger
Hannes
Hansi Zoe
Theo Magath
Ymir
Kenny Ackerman
Keith Shardiz
Sieg Jäger
Sasha Braus
Dot Pixis
Mikasa Ackerman
Armin Arlelt
Jean Kirschtein
Nifa
Hitch Doris
Reiner Braun
Peak Finger
Falco Gleis
Gaby Braun
Kiyomi Azumabito
Kaya
Jelena
Onyakopon
Moblit Berner
Marlowe Freudenberg
Thomas Wagner
Rico Bretzenska
Erd Gin
 
Statistiques - réponses
Réponse % Correct
Ymir
65%
Carla Jäger
63%
Eren Jäger
63%
Grisha Jäger
62%
Sasha Braus
62%
Kenny Ackerman
61%
Sieg Jäger
61%
Bertolt Hoover
60%
Hansi Zoe
60%
Dot Pixis
55%
Rhodes Reiss
55%
Hannes
53%
Porco Galliard
53%
Petra Ralle
48%
Lara Teyber
42%
Theo Magath
41%
Thomas Wagner
38%
Keith Shardiz
32%
Moblit Berner
32%
Nanaba
30%
Marlowe Freudenberg
29%
Erd Gin
25%
Nifa
22%
Aucun quiz correspondant
Distribution des résultats
% des personnes avec chaque résultat
Percentile par nombre de réponses
Votre historique - résultats
Vous n’avez pas pris ce quiz